00793nam a2200169Ia 4500008004000000020001800040082001300058100004100071245010800112260004000220300001100260650015400271690002000425906001200445999001900457952014700476210210b2000 xxu||||| |||| 00| 0 eng d a81 7371 194 1 a509 SPAO aSPANGENBURG (Ray) & MOSER (Diane K). aOn the shoulders of giants: The history of science from the ancient Greeks to the scientific revolution aHyderabadbUniversities Pressc2000 aix,166 aAncient Greeks Scientific Revolution Aristotle Copernicus Kepler Galileo Newton Vesalius Fabricius Paracelsus Harvey Blood Circulation Diversity Life aScience History aSG03751 c114549d114549 001040708ScienceaALbALcScienced2021-02-17eSita Book House, Mangalore.g0.00l0o509 SPAOpSG03751r2021-02-17 00:00:00w2021-02-17ySG